Hyundai Car Models Worldwide 2022-23 - Statistics

General Stats
  • This quiz has been taken 408 times
    118 since last reset
  • The average score is 27 of 73
Answer Stats
Hint Answer % Correct
Compact Sedan Elantra/Avante/i30
95%
Midsize Crossover Santa Fe
77%
Midsize Hybrid Crossover Santa Fe Hybrid
77%
Midsize PHEV Crossover Santa Fe Plug-In
77%
Compact Sedan Hybrid Elantra Hybrid
76%
Compact Sport Sedan Elantra N
76%
Compact Crossover Tucson
73%
Compact Hybrid Crossover Tucson Hybrid
73%
Compact PHEV Crossover Tucson Plug-In
73%
Compact Hatchback i30
71%
Compact Fastback i30 Fastback
71%
Hot Fastback i30 Fastback N
71%
Hot Hatch i30 N
71%
Compact Wagon i30 Wagon
71%
Subcompact Hatchback i20
68%
Hot Hatch i20 N
68%
Subcompact Hatchback Grand i10
65%
Subcompact Hatchback Grand i10 Nios
65%
City Car i10
65%
Compact Crossover EV Ioniq 5
62%
Compact Sport Crossover EV Ioniq 5 N
62%
Compact Sedan EV Ioniq 6
62%
Midsize Crossover EV Ioniq 9
62%
Midsize Sedan Sonata
62%
Midsize Sedan Hybrid Sonata Hybrid
62%
Subcompact Crossover EV Kona Electric
52%
Subcompact Crossover Kona/Kauai/Encino
52%
Minivan Staria
47%
Commercial Van Staria Load
47%
Midsize Crossover Palisade
45%
Midsize Sedan Grandeur
41%
Subcompact Crossover Venue
36%
Sports Adventure Vehicle Santa Cruz
32%
Minibus iMax/Grand Starex/i800
30%
Compact Crossover Alcazar
29%
Subcompact Crossover Bayon
29%
Commercial Truck H100/Porter
29%
Subcompact Crossover EV Inster
29%
Compact Crossover Mufasa
29%
Commercial Van iLoad/H-1
27%
Compact Crossover FCV Nexo FCV
26%
Compact Crossover Creta
24%
Compact Crossover EV Creta Electric
24%
Compact MPV Custo/Custin
21%
Subcompact Crossover Casper
20%
Subcompact Sedan Verna
18%
Subcompact Hatchback HB20
14%
Subcompact Sedan HB20S
14%
Compact MPV Stargazer
14%
Bus Aero City
11%
Bus Aero Town
11%
City Car Notchback Aura
11%
Minibus County
11%
Commercial Van H350/Solati
11%
Compact Sedan Lafesta
11%
Compact Sedan EV Lafesta Electric
11%
Commercial Truck Mighty
11%
Bus Universe
11%
Bus EV ElecCity
9%
Compact Sedan Celesta
8%
Compact Wagon Celesta Tourer
8%
City Car Crossover Exter
8%
Commercial Truck Pavise
8%
Commercial Van ST1
8%
Commercial Truck Xcient
8%
Commercial Truck FCV Xcient FCV
8%
Compact Sedan Mistra
6%
Compact Sedan EV Mistra Electric
6%
Commercial Truck Hongtu 200
2%
Commercial Truck Hongtu 300
2%
Commercial Truck Hongtu 500
2%
Commercial Truck EV Hongtu EV
2%
RV/Camper Porest
2%
No matching quizzes found
Score Distribution
Percent of People with Each Score
Percentile by Number Answered
Your Score History
You have not taken this quiz since the last reset